[Event "MSU Interuniversity Cup"]
[Site "Moscow RUS"]
[Date "2023.05.17"]
[Round "8.1"]
[White "Makarova, Olga"]
[Black "Nyudleev, Dolgan"]
[Result "0-1"]
[WhiteElo "1814"]
[BlackElo "2333"]
[PlyCount "96"]
[EventDate "2023.05.15"]
[EventType "team (rapid)"]
[EventRounds "9"]
[EventCountry "RUS"]
[SourceTitle "CBM 214 Extra"]
[Source "ChessBase"]
[SourceDate "2023.07.31"]
[SourceVersion "1"]
[SourceVersionDate "2023.07.31"]
[SourceQuality "1"]
[WhiteTeam "SPbGU"]
[BlackTeam "MGU Lomonosova"]
[WhiteTeamCountry "RUS"]
[BlackTeamCountry "RUS"]

1. c4 Nf6 2. Nc3 c6 3. Nf3 d5 4. e3 g6 5. b3 Bg7 6. Bb2 0-0 7. d4 Bg4 8. Be2 Ne4 9. 0-0 Nxc3 10. Bxc3 Nd7 11. Qc2 Rc8 12. Rad1 Re8 13. Qb2 Nf6 14. h3 Bf5 15. Nd2 Qd7 16. Rfe1 Ne4 17. Nxe4 Bxe4 18. f3 Bf5 19. Bf1 Qc7 20. e4 Be6 21. e5 c5 22. cxd5 Bxd5 23. Kh1 e6 24. Rc1 Bh6 25. Bd2 Bxd2 26. Qxd2 Qb6 27. dxc5 Rxc5 28. Rxc5 Qxc5 29. Rc1 Qb6 30. h4 Bc6 31. Rd1 Qc5 32. Qf4 Qc2 33. Rc1 Qxa2 34. h5 Qxb3 35. h6 Qa3 36. Qf6 Qf8 37. Qf4 Rd8 38. Ra1 a6 39. Be2 Qe7 40. Rc1 a5 41. Qe3 Qh4+ 42. Kg1 Qd4 43. Kf2 Kf8 44. Rc4 Qxe3+ 45. Kxe3 a4 46. Rc3 Ke7 47. Bd3 Rd5 48. f4 Ra5 0-1

[Event "MSU Interuniversity Cup"]
[Site "Moscow RUS"]
[Date "2023.05.16"]
[Round "5.4"]
[White "Ovezov, Artek"]
[Black "Nyudleev, Dolgan"]
[Result "0-1"]
[WhiteElo "2178"]
[BlackElo "2333"]
[PlyCount "108"]
[EventDate "2023.05.15"]
[EventType "team (rapid)"]
[EventRounds "9"]
[EventCountry "RUS"]
[SourceTitle "CBM 214 Extra"]
[Source "ChessBase"]
[SourceDate "2023.07.31"]
[SourceVersion "1"]
[SourceVersionDate "2023.07.31"]
[SourceQuality "1"]
[WhiteTeam "Turkmenistan"]
[BlackTeam "MGU Lomonosova"]
[WhiteTeamCountry "TKM"]
[BlackTeamCountry "RUS"]

1. d4 d5 2. Nf3 c6 3. g3 Nf6 4. Bg2 g6 5. 0-0 Bg7 6. Nbd2 0-0 7. c3 Bf5 8. Qb3 Qc7 9. Nh4 Bg4 10. e4 dxe4 11. Nxe4 Nxe4 12. Bxe4 Nd7 13. Bf4 e5 14. dxe5 Nxe5 15. Rfe1 Rfe8 16. Bg2 Rad8 17. Re4 Be6 18. Qc2 Bd5 19. Re3 Bxg2 20. Kxg2 Qd7 21. Bxe5 Rxe5 22. Rxe5 Bxe5 23. Nf3 Bf6 24. Re1 Qd5 25. c4 Qd3 26. Qc1 Kg7 27. b3 Qf5 28. Re3 a5 29. Qa3 g5 30. h3 h5 31. Qc1 g4 32. hxg4 hxg4 33. Ne1 Rh8 34. Qd2 Qh5 35. Kf1 Rd8 36. Rd3 Re8 37. Re3 Rd8 38. Rd3 Qh1+ 39. Ke2 Re8+ 40. Re3 Rd8 41. Qc2 Qh5 42. Nd3 Qf5 43. c5 Bd4 44. Qc4 Bxe3 45. fxe3 Qf3+ 46. Kd2 Qxg3 47. Qe4 Qf2+ 48. Kc3 Qf6+ 49. Kc2 Qg6 50. Qe5+ Kg8 51. e4 g3 52. Nf4 Qg4 53. Qf6 Qd1+ 54. Kb2 Qd4+ 0-1

[Event "Titled Tuesday intern op 02nd Nov"]
[Site "Chess.com INT"]
[Date "2021.11.02"]
[Round "7"]
[White "Tsydypov, Zhamsaran"]
[Black "Nyudleev, Dolgan"]
[Result "1-0"]
[WhiteElo "2526"]
[BlackElo "2349"]
[PlyCount "107"]
[EventDate "2021.11.02"]
[EventType "swiss (blitz)"]
[EventRounds "11"]
[EventCountry "USA"]
[SourceTitle "CBM 205 Extra"]
[Source "ChessBase"]
[SourceDate "2022.01.31"]
[SourceVersion "1"]
[SourceVersionDate "2022.01.31"]
[SourceQuality "1"]

1. e4 c5 2. Nf3 e6 3. d4 cxd4 4. Nxd4 Qb6 5. Nb3 Nc6 6. Nc3 Nf6 7. a3 Be7 8. Be3 Qc7 9. f4 d6 10. Qf3 a6 11. g4 b5 12. g5 Nd7 13. 0-0-0 Bb7 14. f5 Nde5 15. Qg3 b4 16. axb4 Nxb4 17. Rd4 Nbc6 18. Ra4 Rc8 19. Bh3 Nd8 20. Rf1 exf5 21. exf5 f6 22. Nd4 0-0 23. Bg2 Qd7 24. Rb4 Bxg2 25. Qxg2 d5 26. Rb3 Rc5 27. Ne6 Nxe6 28. fxe6 Qxe6 29. Bxc5 Bxc5 30. Qxd5 Qxd5 31. Nxd5 fxg5 32. Rxf8+ Kxf8 33. Nc7 Ke7 34. Nxa6 Bd6 35. Rb7+ Kf6 36. Rb6 Ke7 37. h3 h5 38. Kd1 g4 39. h4 g3 40. Ke2 g2 41. Kf2 Nf3 42. Kxg2 Nxh4+ 43. Kf1 g5 44. c4 Nf3 45. c5 Be5 46. c6 h4 47. Rb7+ Kd8 48. Rd7+ Kc8 49. Rf7 Kd8 50. Rxf3 g4 51. Rd3+ Kc8 52. Re3 Bf6 53. Re8+ Bd8 54. c7 1-0

[Event "Koper Univ Cup 1st"]
[Site "Koper"]
[Date "2019.04.20"]
[Round "6"]
[White "Tisaj, Domen"]
[Black "Nyudleev, Dolgan"]
[Result "1-0"]
[WhiteElo "2232"]
[BlackElo "2349"]
[PlyCount "139"]
[EventDate "2019.04.20"]
[EventType "swiss (rapid)"]
[EventRounds "9"]
[EventCountry "SLO"]
[SourceTitle "CBM 190 Extra"]
[Source "ChessBase"]
[SourceDate "2019.07.15"]
[SourceVersion "1"]
[SourceVersionDate "2019.07.15"]
[SourceQuality "1"]

1. d4 d5 2. c4 c6 3. Nf3 dxc4 4. a4 Nf6 5. Na3 Be6 6. e3 Nbd7 7. Nxc4 g6 8. Be2 Bg7 9. 0-0 0-0 10. b3 Ne4 11. Bb2 c5 12. Qc2 Bd5 13. Rfd1 cxd4 14. Bxd4 e6 15. Qb2 Bxd4 16. Rxd4 Qe7 17. Rad1 Rfd8 18. Nfe5 Nxe5 19. Nxe5 Qf6 20. Ng4 Qg7 21. f3 Nd6 22. Qa3 h5 23. Nf2 Nf5 24. R4d3 Rdc8 25. e4 Rc2 26. R3d2 Rxd2 27. Rxd2 Qc3 28. Qb2 Qe3 29. exf5 gxf5 30. Rd3 Qg5 31. Nh3 Qh4 32. Qd2 Rc8 33. Nf2 Qf6 34. Rd4 Bxb3 35. Bd1 Bxd1 36. Qxd1 Rc1 37. Qxc1 Qxd4 38. Qd1 Qe3 39. g3 a6 40. a5 Qc3 41. Qd8+ Kh7 42. Kg2 Kg7 43. Qb6 Qc8 44. Qb2+ f6 45. Nd3 e5 46. Qc1 Qd8 47. Qc3 Qd5 48. Nc5 Kg6 49. Nd3 Qa2+ 50. Nf2 Qd5 51. h4 Qd7 52. Qc5 Qe6 53. Qf8 Kh7 54. Qd8 e4 55. Qc7+ Kg6 56. Qxb7 e3 57. Nd3 Qa2+ 58. Qb2 Qxa5 59. Nf4+ Kf7 60. Qb7+ Kf8 61. Qa8+ Ke7 62. Qa7+ Kf8 63. Qxe3 Qa2+ 64. Kh3 Qb1 65. Qc5+ Ke8 66. Qc6+ Kf7 67. Qe6+ Kg7 68. Nxh5+ Kf8 69. Qxf6+ Ke8 70. Ng7+ 1-0

[Event "Moscow op-F 15th"]
[Site "Moscow"]
[Date "2019.02.02"]
[Round "9"]
[White "Mokshanov, Alexey"]
[Black "Nyudleev, Dolgan"]
[Result "1/2-1/2"]
[WhiteElo "2442"]
[BlackElo "2333"]
[PlyCount "42"]
[EventDate "2019.01.25"]
[EventType "swiss"]
[EventRounds "9"]
[EventCountry "RUS"]
[SourceTitle "CBM 188 Extra"]
[Source "ChessBase"]
[SourceDate "2019.02.26"]
[SourceVersion "1"]
[SourceVersionDate "2019.02.26"]
[SourceQuality "1"]

1. e4 c5 2. Nf3 d6 3. d4 Nf6 4. Nc3 cxd4 5. Nxd4 a6 6. Bg5 e6 7. f4 Qb6 8. Qd2 Qxb2 9. Rb1 Qa3 10. f5 Nc6 11. fxe6 fxe6 12. Nxc6 bxc6 13. Be2 Be7 14. 0-0 0-0 15. Rb3 Qc5+ 16. Be3 Qe5 17. Bd4 Qa5 18. Bb6 Qe5 19. Bd4 Qa5 20. Bb6 Qe5 21. Bd4 Qa5 1/2-1/2

[Event "Moscow op-F 15th"]
[Site "Moscow"]
[Date "2019.01.30"]
[Round "6"]
[White "Ufimtsev, Egor"]
[Black "Nyudleev, Dolgan"]
[Result "0-1"]
[WhiteElo "2160"]
[BlackElo "2333"]
[PlyCount "102"]
[EventDate "2019.01.25"]
[EventType "swiss"]
[EventRounds "9"]
[EventCountry "RUS"]
[SourceTitle "CBM 188 Extra"]
[Source "ChessBase"]
[SourceDate "2019.02.26"]
[SourceVersion "1"]
[SourceVersionDate "2019.02.26"]
[SourceQuality "1"]

1. c4 c6 2. Nf3 d5 3. d4 dxc4 4. e3 Be6 5. Nc3 Nf6 6. Ng5 Bg4 7. f3 Bh5 8. Bxc4 e6 9. Nh3 Be7 10. Nf4 Bg6 11. Qb3 b5 12. Bxe6 fxe6 13. Nxe6 Qd6 14. Nxg7+ Kd7 15. e4 Bf8 16. e5 Qe7 17. Bg5 Bxg7 18. 0-0-0 Qe6 19. Qxe6+ Kxe6 20. exf6 Bxf6 21. d5+ cxd5 22. Rhe1+ Kf7 23. Bxf6 Kxf6 24. Nxd5+ Kg7 25. Ne7 a6 26. Nxg6 hxg6 27. Re7+ Kf6 28. Rc7 a5 29. Rd6+ Ke5 30. Rxg6 Na6 31. Re7+ Kf5 32. Ree6 Rac8+ 33. Kb1 Rxh2 34. Rgf6+ Kg5 35. a3 Nc5 36. Rg6+ Kf4 37. Rb6 a4 38. Rxb5 Rh1+ 39. Ka2 Ke3 40. Rg4 Kd3 41. Rbb4 Rc1 42. Rgd4+ Ke3 43. Rdc4 Nd3 44. Re4+ Kd2 45. Rb6 R8c4 46. Rxc4 Rxc4 47. Kb1 Rc1+ 48. Ka2 Rc2 49. Kb1 Rc1+ 50. Ka2 Rg1 51. g4 Nc1+ 0-1

[Event "Moscow op-F 15th"]
[Site "Moscow"]
[Date "2019.01.27"]
[Round "3"]
[White "Nyudleev, Dolgan"]
[Black "Tekeyev, Zaur"]
[Result "1-0"]
[WhiteElo "2333"]
[BlackElo "2392"]
[PlyCount "140"]
[EventDate "2019.01.25"]
[EventType "swiss"]
[EventRounds "9"]
[EventCountry "RUS"]
[SourceTitle "CBM 188 Extra"]
[Source "ChessBase"]
[SourceDate "2019.02.26"]
[SourceVersion "1"]
[SourceVersionDate "2019.02.26"]
[SourceQuality "1"]

1. e4 c5 2. Nf3 Nc6 3. Bb5 g6 4. 0-0 Bg7 5. Re1 e5 6. Bxc6 dxc6 7. d3 Ne7 8. a3 a5 9. Be3 b6 10. Nbd2 Qc7 11. b4 axb4 12. axb4 Rxa1 13. Qxa1 cxb4 14. Qa4 0-0 15. Qxb4 c5 16. Qb2 Be6 17. Rb1 Rb8 18. Ng5 Bd7 19. Qb3 Be8 20. Nc4 b5 21. Nd2 Rc8 22. Ra1 h6 23. Ngf3 Kh7 24. Qa2 f5 25. Nb3 c4 26. Nc5 Bf7 27. Qa7 Nc6 28. Qxc7 Rxc7 29. dxc4 bxc4 30. c3 Bf8 31. Na6 Rc8 32. Bc5 Bg7 33. Nb4 Nd8 34. Bd6 fxe4 35. Nxe5 Bxe5 36. Bxe5 g5 37. Ra7 Kg6 38. h3 Rc5 39. Bd4 Rb5 40. Rd7 Ne6 41. Nc6 Nxd4 42. Rxd4 Rc5 43. Rd6+ Kg7 44. Nd4 Re5 45. g4 Bg6 46. Rd7+ Kf6 47. Nc2 Ra5 48. Ne3 Ra3 49. Rd6+ Kg7 50. Rd7+ Kf6 51. Rc7 Bf7 52. Rc6+ Be6 53. Nf5 Ke5 54. Rc5+ Kf6 55. Nd6 e3 56. fxe3 Ra2 57. Nxc4 h5 58. gxh5 Bxh3 59. h6 Kg6 60. Rc6+ Kh5 61. h7 Ra8 62. Ne5 Rh8 63. Rc7 Bf5 64. c4 Bxh7 65. c5 Be4 66. Re7 Rc8 67. c6 g4 68. c7 g3 69. Nc4 Bf3 70. Nb6 Ra8 1-0

[Event "Moscow op-A"]
[Site "Moscow"]
[Date "2016.02.04"]
[Round "6"]
[White "Nyudleev, Dolgan"]
[Black "Ulko, Jaroslav"]
[Result "1/2-1/2"]
[WhiteElo "2328"]
[BlackElo "2456"]
[PlyCount "135"]
[EventDate "2016.01.30"]
[EventType "swiss"]
[EventRounds "9"]
[EventCountry "RUS"]
[SourceTitle "CBM 170 Extra"]
[Source "ChessBase"]
[SourceDate "2016.02.25"]
[SourceVersion "1"]
[SourceVersionDate "2016.02.25"]
[SourceQuality "1"]

1. e4 c5 2. Nf3 e6 3. d4 cxd4 4. Nxd4 a6 5. Bd3 Qc7 6. 0-0 Nc6 7. Be3 Nf6 8. Nc3 b5 9. Nxc6 Qxc6 10. a3 Bb7 11. Qe2 Rc8 12. f4 h5 13. e5 Ng4 14. Be4 Qc7 15. Kh1 g6 16. Qf3 Bc6 17. Rad1 Be7 18. Bxc6 Qxc6 19. Ne4 Nh6 20. c3 Nf5 21. Rd3 Nh4 22. Nd6+ Bxd6 23. Qxc6 Rxc6 24. Rxd6 Rxd6 25. exd6 Nf5 26. Bc5 0-0 27. Kg1 f6 28. b4 Kf7 29. Kf2 e5 30. fxe5 fxe5 31. Ke2 Ke6 32. Rd1 Rc8 33. h3 Rc6 34. g4 hxg4 35. hxg4 Nxd6 36. Bxd6 Rxd6 37. Rf1 Rc6 38. Kd3 Rc4 39. g5 Rf4 40. Rh1 Rg4 41. Rh8 Rxg5 42. Ra8 Rg3+ 43. Kd2 Kd5 44. Rxa6 Kc4 45. Ra7 Rd3+ 46. Kc2 Rxc3+ 47. Kb2 Rb3+ 48. Kc2 Re3 49. Rc7+ Kd5 50. Rxd7+ Kc6 51. Ra7 g5 52. Kd2 Rf3 53. a4 bxa4 54. Rxa4 Kd5 55. b5 Rf4 56. Ra8 Rb4 57. Rg8 g4 58. b6 Rb2+ 59. Kc3 Rxb6 60. Rxg4 Rf6 61. Kd3 Rf3+ 62. Ke2 Ra3 63. Rh4 Ke6 64. Rc4 Kf5 65. Rb4 Ra5 66. Kf3 Rc5 67. Ke3 e4 68. Rxe4 1/2-1/2

[Event "Moscow op-A"]
[Site "Moscow"]
[Date "2016.01.31"]
[Round "2"]
[White "Nyudleev, Dolgan"]
[Black "Tleptsok, Ruslan Aslanovich"]
[Result "0-1"]
[WhiteElo "2328"]
[BlackElo "2156"]
[PlyCount "100"]
[EventDate "2016.01.30"]
[EventType "swiss"]
[EventRounds "9"]
[EventCountry "RUS"]
[SourceTitle "CBM 170 Extra"]
[Source "ChessBase"]
[SourceDate "2016.02.25"]
[SourceVersion "1"]
[SourceVersionDate "2016.02.25"]
[SourceQuality "1"]

1. e4 c5 2. Nf3 d6 3. Bb5+ Bd7 4. Bxd7+ Qxd7 5. 0-0 Nc6 6. c3 Nf6 7. Re1 e6 8. d4 d5 9. e5 Ne4 10. Nbd2 Nxd2 11. Bxd2 Be7 12. h4 h6 13. h5 cxd4 14. cxd4 Rc8 15. Rc1 0-0 16. Rc3 Nb4 17. a3 Rxc3 18. Bxc3 Na6 19. Nh2 Rc8 20. Re3 Nc7 21. Rg3 Ne8 22. Ng4 Bg5 23. Bd2 Bxd2 24. Qxd2 Kh7 25. Qd3+ Kh8 26. Qd2 Kh7 27. Qd3+ Kh8 28. Qe3 Kh7 29. Qf4 Qe7 30. Rf3 Rc7 31. Ne3 b5 32. Kh2 a5 33. Nf1 b4 34. Nd2 a4 35. Qe3 b3 36. Qd3+ Kh8 37. Qb5 Rc2 38. Nf1 Rc4 39. Rc3 Nc7 40. Qb8+ Kh7 41. Rxc4 dxc4 42. Qb7 Qh4+ 43. Kg1 Nd5 44. Qxf7 Qg4 45. f3 Qf5 46. Qb7 Qc2 47. Ng3 Qc1+ 48. Kh2 Qf4 49. Kh3 Qg5 50. Qf7 Nf4+ 0-1

[Event "Elista-ch 8th"]
[Site "Elista"]
[Date "2010.07.07"]
[Round "7"]
[White "Nyudleev, Dolgan"]
[Black "Pataev, Adyan"]
[Result "1-0"]
[WhiteElo "2363"]
[BlackElo "1628"]
[PlyCount "57"]
[EventDate "2010.07.01"]
[EventType "tourn"]
[EventRounds "11"]
[EventCountry "RUS"]
[SourceTitle "EXT 2022"]
[Source "ChessBase"]
[SourceDate "2021.10.06"]
[SourceVersion "1"]
[SourceVersionDate "2021.10.06"]
[SourceQuality "1"]

1. e4 c5 2. Nf3 Nc6 3. d4 cxd4 4. Nxd4 g6 5. c4 Bg7 6. Be3 Nf6 7. Nc3 0-0 8. Be2 d6 9. 0-0 Bd7 10. f3 Rc8 11. Qd2 a6 12. b3 Ne8 13. Rac1 Nxd4 14. Bxd4 f5 15. Bxg7 Kxg7 16. exf5 Bxf5 17. f4 Nf6 18. Bf3 Bg4 19. Bxg4 Nxg4 20. Qd4+ Nf6 21. Rce1 Rf7 22. Ne4 h6 23. f5 g5 24. h4 gxh4 25. Rf4 Kh7 26. Rxh4 Nxe4 27. Qxe4 Kg7 28. Qg4+ Kf8 29. Rxh6 1-0

[Event "Elista-ch 8th"]
[Site "Elista"]
[Date "2010.07.05"]
[Round "5"]
[White "Nyudleev, Dolgan"]
[Black "Seleev, Sanal"]
[Result "1-0"]
[WhiteElo "2363"]
[BlackElo "1789"]
[PlyCount "97"]
[EventDate "2010.07.01"]
[EventType "tourn"]
[EventRounds "11"]
[EventCountry "RUS"]
[SourceTitle "EXT 2022"]
[Source "ChessBase"]
[SourceDate "2021.10.06"]
[SourceVersion "1"]
[SourceVersionDate "2021.10.06"]
[SourceQuality "1"]

1. e4 c5 2. b3 Nf6 3. e5 Nd5 4. Bb2 e6 5. c4 Nc7 6. Nc3 d5 7. exd6 Bxd6 8. Nf3 Nc6 9. Be2 0-0 10. d4 cxd4 11. Nxd4 Nxd4 12. Qxd4 Bb4 13. Qe3 Qe7 14. 0-0 Bc5 15. Qf3 Bd4 16. Nd5 exd5 17. Bxd4 dxc4 18. Bxc4 Ne6 19. Bb2 Qg5 20. Rad1 Nc7 21. Ba3 Bg4 22. Qg3 Qg6 23. Rd4 Be6 24. Qxc7 Rfc8 25. Qf4 Bxc4 26. Rxc4 Rd8 27. Bb2 h6 28. Qf3 Rd3 29. Qxb7 Rad8 30. Rc8 Kh7 31. Rxd8 Rxd8 32. Qxa7 Rd2 33. Bc1 Rc2 34. a4 Qc6 35. Be3 Qd5 36. b4 Rc6 37. Qd4 Qf5 38. b5 Rg6 39. g3 h5 40. b6 Qh3 41. b7 h4 42. Qe4 hxg3 43. Qxg6+ fxg6 44. hxg3 g5 45. b8Q Qe6 46. a5 g4 47. Qb1+ Kg8 48. Rd1 Kf7 49. Qb7+ 1-0

[Event "Elista-ch 8th"]
[Site "Elista"]
[Date "2010.07.02"]
[Round "2"]
[White "Antonov, Dzhal"]
[Black "Nyudleev, Dolgan"]
[Result "0-1"]
[WhiteElo "1939"]
[BlackElo "2363"]
[PlyCount "112"]
[EventDate "2010.07.01"]
[EventType "tourn"]
[EventRounds "11"]
[EventCountry "RUS"]
[SourceTitle "EXT 2022"]
[Source "ChessBase"]
[SourceDate "2021.10.06"]
[SourceVersion "1"]
[SourceVersionDate "2021.10.06"]
[SourceQuality "1"]

1. Nf3 Nf6 2. g3 g6 3. Bg2 Bg7 4. 0-0 0-0 5. d3 d6 6. Nc3 c5 7. e4 Bg4 8. h3 Bxf3 9. Bxf3 Nc6 10. Be3 Rb8 11. a4 a6 12. Bg2 b5 13. axb5 axb5 14. Qc1 Nd7 15. Ne2 Qc7 16. Bh6 Nd4 17. Nxd4 cxd4 18. Bxg7 Kxg7 19. Qd2 b4 20. Rfc1 Nc5 21. f4 e5 22. f5 f6 23. g4 g5 24. b3 Rfc8 25. Bf3 Rb6 26. Bd1 Qb7 27. Ra2 Ra8 28. Rca1 Rxa2 29. Rxa2 Qc6 30. Kg2 Ra6 31. Rxa6 Nxa6 32. Kf2 Qc5 33. Ke2 Nc7 34. Ke1 Nb5 35. Bf3 Na3 36. Kd1 Nb5 37. Qc1 Qa7 38. Kd2 Qa2 39. Bg2 Nc3 40. Bf3 Nb1+ 41. Kd1 Qa1 42. Ke1 Qc3+ 43. Kd1 Na3 44. Bg2 Nb5 45. Bf3 Qc5 46. Kd2 Qc3+ 47. Kd1 Qc7 48. Kd2 d5 49. exd5 e4 50. Ke1 Qg3+ 51. Kf1 Qxf3+ 52. Kg1 e3 53. Qe1 Nc3 54. d6 Ne2+ 55. Kh2 Nf4 56. Qg3 Qf2+ 0-1

[Event "Anapa"]
[Site "Anapa"]
[Date "2009.09.08"]
[Round "12"]
[White "Voronin, Artem"]
[Black "Nyudleev, Dolgan"]
[Result "1/2-1/2"]
[WhiteElo "2134"]
[BlackElo "2399"]
[PlyCount "169"]
[EventDate "2009.08.30"]
[EventType "tourn"]
[EventRounds "13"]
[EventCountry "RUS"]
[EventCategory "3"]
[SourceTitle "CBM 132 Extra"]
[Source "ChessBase"]
[SourceDate "2009.11.03"]
[SourceVersion "1"]
[SourceVersionDate "2009.11.03"]
[SourceQuality "1"]

1. e4 c5 2. Nf3 Nc6 3. d4 cxd4 4. Nxd4 Qb6 5. Nb3 Nf6 6. Nc3 e6 7. Bd3 Be7 8. 0-0 a6 9. Kh1 d6 10. f4 Qc7 11. Qf3 0-0 12. Bd2 b5 13. Rae1 Bb7 14. Qh3 g6 15. a4 b4 16. Nd1 d5 17. e5 Nd7 18. Ne3 Na5 19. Nd4 Nc4 20. Nxe6 fxe6 21. Qxe6+ Kh8 22. Bxc4 Nc5 23. Qg4 dxc4 24. Bxb4 Ne4 25. Bxe7 Qxe7 26. Nxc4 Qb4 27. Qe2 Qxa4 28. Nb6 Qc6 29. Nxa8 Bxa8 30. c3 Bb7 31. Kg1 a5 32. Rf3 a4 33. Qe3 Rd8 34. h3 Qe6 35. Rff1 Rd2 36. Re2 Rxe2 37. Qxe2 Ng3 38. Qb5 Nxf1 39. Qxb7 Ng3 40. Qf3 Nf5 41. Qa8+ Kg7 42. Qxa4 Qb6+ 43. Kh2 Qf2 44. Qe4 Qg3+ 45. Kg1 Ne3 46. Qb7+ Kh6 47. e6 Qe1+ 48. Kh2 Nf1+ 49. Kg1 Nd2+ 50. Kh2 Qxe6 51. Qb8 Qf7 52. Qe5 Nc4 53. Qg5+ Kg7 54. b3 h6 55. Qg3 Nd6 56. Qe3 Kh7 57. c4 h5 58. g4 Qd7 59. Kg3 Qb7 60. Qf3 Ne4+ 61. Kg2 h4 62. b4 Qa8 63. b5 Qa2+ 64. Kg1 Qxc4 65. b6 Qd4+ 66. Kg2 Nd6 67. Qf2 Qe4+ 68. Kg1 Qe7 69. Qd4 Ne4 70. Qe5 Qb4 71. Qc7+ Kg8 72. Qd8+ Kf7 73. Qxh4 Qxb6+ 74. Kg2 Qb2+ 75. Kf3 Nd2+ 76. Ke2 Ne4+ 77. Kf3 Nf6 78. Qf2 Qb7+ 79. Ke2 Nd5 80. Kf1 Qb1+ 81. Kg2 Qe4+ 82. Kg3 Ne3 83. Qf3 Qe7 84. Kf2 Nc4 85. Qd5+ 1/2-1/2

[Event "Anapa"]
[Site "Anapa"]
[Date "2009.09.02"]
[Round "4"]
[White "Nyudleev, Dolgan"]
[Black "Gutenev, Alexander"]
[Result "1-0"]
[WhiteElo "2399"]
[BlackElo "2347"]
[PlyCount "109"]
[EventDate "2009.08.30"]
[EventType "tourn"]
[EventRounds "13"]
[EventCountry "RUS"]
[EventCategory "3"]
[SourceTitle "CBM 132 Extra"]
[Source "ChessBase"]
[SourceDate "2009.11.03"]
[SourceVersion "1"]
[SourceVersionDate "2009.11.03"]
[SourceQuality "1"]

1. e4 c5 2. Nf3 Nc6 3. d4 cxd4 4. Nxd4 Nf6 5. Nc3 d6 6. Bg5 Bd7 7. Qd2 Rc8 8. 0-0-0 Nxd4 9. Qxd4 Qa5 10. Bd2 a6 11. Bc4 Qc5 12. Qxc5 Rxc5 13. Bb3 g6 14. Be3 Rc8 15. Bd4 Bg7 16. Nd5 Nh5 17. Bxg7 Nxg7 18. e5 Rc6 19. exd6 Rxd6 20. Rhe1 Be6 21. Nf6+ Kd8 22. Rxd6+ exd6 23. Re3 Nf5 24. Rd3 h5 25. a4 b5 26. axb5 axb5 27. Kd2 Ke7 28. Nd5+ Bxd5 29. Bxd5 Rc8 30. Ra3 Kf6 31. Ra7 Ne7 32. Be4 Rc5 33. Rb7 Nd5 34. c3 Nf4 35. g3 Nh3 36. f4 Nf2 37. Bf3 g5 38. Bxh5 gxf4 39. Rxf7+ Kg5 40. Rxf4 Nh3 41. Rg4+ Kf6 42. Rg6+ Ke7 43. Be2 Rd5+ 44. Kc2 Ng1 45. Bd3 Nf3 46. Be4 Ne1+ 47. Kb3 Re5 48. Rg4 d5 49. Bh1 Kd6 50. Rd4 Kc5 51. Rd1 Re2 52. Rxd5+ Kb6 53. h4 Rh2 54. Be4 Re2 55. Bd3 1-0

[Event "Anapa"]
[Site "Anapa"]
[Date "2009.09.01"]
[Round "3"]
[White "Aitbayev, Aslan"]
[Black "Nyudleev, Dolgan"]
[Result "1/2-1/2"]
[WhiteElo "2361"]
[BlackElo "2399"]
[PlyCount "50"]
[EventDate "2009.08.30"]
[EventType "tourn"]
[EventRounds "13"]
[EventCountry "RUS"]
[EventCategory "3"]
[SourceTitle "CBM 132 Extra"]
[Source "ChessBase"]
[SourceDate "2009.11.03"]
[SourceVersion "1"]
[SourceVersionDate "2009.11.03"]
[SourceQuality "1"]

1. e4 c5 2. Nf3 d6 3. d4 Nf6 4. Nc3 cxd4 5. Nxd4 Nc6 6. Bg5 e6 7. Qd2 h6 8. Bxf6 gxf6 9. 0-0-0 a6 10. f4 Bd7 11. Be2 h5 12. Kb1 Qc7 13. Rhf1 0-0-0 14. f5 Be7 15. Bc4 Nxd4 16. Qxd4 Kb8 17. Bb3 Qc5 18. Qd3 Qe5 19. g3 h4 20. Rde1 hxg3 21. hxg3 Rdg8 22. Ne2 Rh3 23. Rf3 Bc6 24. Nf4 Rh2 25. Rfe3 Bd7 1/2-1/2

[Event "Elista-ch 7th"]
[Site "Elista"]
[Date "2009.07.05"]
[Round "3"]
[White "Olenina, Aysa"]
[Black "Nyudleev, Dolgan"]
[Result "1/2-1/2"]
[WhiteElo "1947"]
[BlackElo "2399"]
[PlyCount "133"]
[EventDate "2009.07.03"]
[EventType "tourn"]
[EventRounds "9"]
[EventCountry "RUS"]
[SourceTitle "EXT 2022"]
[Source "ChessBase"]
[SourceDate "2021.10.06"]
[SourceVersion "1"]
[SourceVersionDate "2021.10.06"]
[SourceQuality "1"]

1. e4 c5 2. Nf3 Nc6 3. d4 cxd4 4. Nxd4 g6 5. Nc3 Bg7 6. Nb3 Nf6 7. Be2 0-0 8. 0-0 b6 9. f4 d6 10. Bf3 Bb7 11. Be3 Rc8 12. Qd2 Nd7 13. Rad1 Nc5 14. Nxc5 bxc5 15. Ne2 Ba6 16. c3 Qa5 17. a3 Bc4 18. b4 cxb4 19. axb4 Qc7 20. Rfe1 a5 21. Nd4 axb4 22. cxb4 Nxd4 23. Bxd4 Rb8 24. Bxg7 Kxg7 25. Rc1 Qb6+ 26. Kh1 Rfc8 27. Rb1 Ra8 28. Ra1 Rxa1 29. Rxa1 Be6 30. f5 Bd7 31. fxg6 hxg6 32. e5 Bf5 33. exd6 exd6 34. Rd1 Rc4 35. b5 Rc2 36. Qb4 Bd7 37. h3 Qxb5 38. Qxd6 Bc6 39. Qd4+ f6 40. Qa7+ Kh6 41. Qe3+ Qg5 42. Qxg5+ Kxg5 43. Bxc6 Rxc6 44. Rd4 f5 45. Kg1 Kf6 46. Kf2 g5 47. Ra4 Rc2+ 48. Kf3 Rc5 49. Rb4 Ke5 50. Ra4 Rb5 51. Rc4 Ra5 52. Rb4 Kd5 53. Ke3 Kc5 54. Rb8 Ra3+ 55. Kf2 Ra2+ 56. Kg1 g4 57. hxg4 fxg4 58. Rg8 Ra4 59. Kf2 Kd6 60. Kg3 Ke6 61. Rxg4 Ra3+ 62. Kh4 Kf7 63. Kh5 Ra8 64. Rf4+ Kg7 65. g4 Ra5+ 66. Rf5 Rxf5+ 67. gxf5 1/2-1/2

[Event "RUS-ch U16"]
[Site "Dagomys"]
[Date "2009.04.22"]
[Round "8"]
[White "Nyudleev, Dolgan"]
[Black "Ulanov, Alexandr"]
[Result "1-0"]
[WhiteElo "2400"]
[BlackElo "2317"]
[PlyCount "111"]
[EventDate "2009.04.15"]
[EventType "swiss"]
[EventRounds "9"]
[EventCountry "RUS"]
[SourceTitle "CBM 130 Extra"]
[Source "ChessBase"]
[SourceDate "2009.07.02"]
[SourceVersion "2"]
[SourceVersionDate "2009.07.15"]
[SourceQuality "1"]

1. e4 Nc6 2. Nf3 d5 3. exd5 Qxd5 4. Nc3 Qa5 5. Bb5 Bd7 6. 0-0 0-0-0 7. d4 a6 8. Bxc6 Bxc6 9. Ne5 Be8 10. Qf3 f6 11. Nc4 Qh5 12. g4 Qf7 13. Na5 c6 14. Na4 e5 15. dxe5 fxe5 16. Qxf7 Bxf7 17. Be3 Nf6 18. Bb6 Rd2 19. Rad1 Rxd1 20. Rxd1 Be7 21. h3 h5 22. g5 Nd7 23. Be3 Be6 24. h4 Kc7 25. Nb3 b6 26. Nc3 Rf8 27. Re1 Rf3 28. Kg2 Rf8 29. Bd2 Bf5 30. Ne4 a5 31. Bc3 a4 32. Nbd2 b5 33. Nf3 b4 34. Bxe5+ Nxe5 35. Nxe5 Re8 36. Nd3 Be6 37. b3 Bd5 38. f3 Rf8 39. Ne5 Re8 40. c4 bxc3 41. Nxc3 Bb4 42. Nxd5+ cxd5 43. Rc1+ Kd6 44. f4 d4 45. Kf3 Kd5 46. Rc4 Bd2 47. Rxa4 d3 48. Ra7 Rf8 49. Nxd3 Kd4 50. Rd7+ Kc3 51. Ke4 Re8+ 52. Ne5 Rf8 53. Rc7+ Kb4 54. f5 Re8 55. f6 Bc3 56. Rc4+ 1-0

[Event "RUS-ch U16"]
[Site "Dagomys"]
[Date "2009.04.20"]
[Round "6"]
[White "Iljiushenok, Ilia"]
[Black "Nyudleev, Dolgan"]
[Result "1/2-1/2"]
[WhiteElo "2413"]
[BlackElo "2400"]
[PlyCount "58"]
[EventDate "2009.04.15"]
[EventType "swiss"]
[EventRounds "9"]
[EventCountry "RUS"]
[SourceTitle "CBM 130 Extra"]
[Source "ChessBase"]
[SourceDate "2009.07.02"]
[SourceVersion "2"]
[SourceVersionDate "2009.07.15"]
[SourceQuality "1"]

1. e4 c5 2. Nf3 e6 3. d4 cxd4 4. Nxd4 a6 5. Bd3 Nc6 6. Nxc6 bxc6 7. c4 Nf6 8. 0-0 d5 9. Bg5 Be7 10. Nd2 0-0 11. e5 Nd7 12. Qh5 g6 13. Bxe7 Qxe7 14. Qe2 Bb7 15. f4 Rfd8 16. cxd5 cxd5 17. Rac1 Nc5 18. Rc2 Rac8 19. Rfc1 Nxd3 20. Qxd3 Rxc2 21. Rxc2 Qb4 22. Qe3 Qa5 23. Qc5 Qa4 24. Qb6 Qxc2 25. Qxd8+ Kg7 26. Qf6+ Kg8 27. Qd8+ Kg7 28. Qf6+ Kg8 29. Qd8+ Kg7 1/2-1/2